William Shakespere Macbeth/ (Record no. 216184)

MARC details
000 -LEADER
fixed length control field 00485nam a22001817a 4500
005 - DATE AND TIME OF LATEST TRANSACTION
control field 20260514115640.0
010 ## - LCCN (DPL NO)
LC control number ENG-148460
020 ## - INTERNATIONAL STANDARD BOOK NUMBER
International Standard Book Number 9780199468126
Terms of availability 200.00
035 ## - SYSTEM CONTROL NUMBER
System control number EN-131992
037 ## - SOURCE OF ACQUISITION
Source of stock number/acquisition DBAD
082 ## - DEWEY DECIMAL CLASSIFICATION NUMBER
Classification number 822
245 ## - TITLE STATEMENT
Title William Shakespere Macbeth/
Statement of responsibility, etc Edited By Bernard Groom
250 ## - EDITION STATEMENT
Edition statement 1
260 ## - PUBLICATION, DISTRIBUTION, ETC. (IMPRINT)
Place of publication, distribution, etc Delhi
Name of publisher, distributor, etc Oxford University Press
Date of publication, distribution, etc 2016
270 ## - ADDRESS
Address Oxford University Press
300 ## - PHYSICAL DESCRIPTION
Extent 192p.
Dimensions 22cm(pb)
942 ## - ADDED ENTRY ELEMENTS (KOHA)
Source of classification or shelving scheme Dewey Decimal Classification
Item type English Books
Classification part 822
Call number suffix MAC
Holdings
Withdrawn status Lost status Not for loan Collection code Home library Current library Date acquired Source of acquisition Cost, normal purchase price Full call number Barcode Copy number Cost, replacement price Koha item type
      Non-fiction Tri Nagar Tri Nagar 14/05/2026 Delivery of Books Act Division 200.00 822 MAC EN-131992 1 200.00 English Books

© Delhi Public Library
Hit Counter
free hit counter